1849 1769 1774 1060 1585 1006 1532 1455 1650 1301 1816 1770 1371 1078 1063 1418 1630 1285 1014 1043 1422 1940 1054 1633 1887 1915 1191 1836 1414 1110 1400 1390 1716 1432 1021 1330 1526 1398 1664 1285 1966 1252 1885 1719 1000 1778 1358 1430 1844 1805 1338 1309 1403 1444 1739 1618 1930 1862 1957 1113 1410 1358 1058 1843 1650 1768 1781 1852 1784 1251 1024 1227 1739 1770 1669 1653 1775 1848 1799 1736 1337 1436 1580 1302 1583 1887 1423 1563 1202 1858 1215 1950 1522 1823 1488 1769 1062 1944 1493 BCNSPRNW ULIB Ver.6.0+V

เปลี่ยนเป็นภาษาไทย

Change to English
 แสดงรายละเอียดบรรณานุกรม
  กลับหน้าหลัก

Brief Record : Get Marc (ISO 2709) : E-mail record : QR code < ปิดหน้าต่าง
LEADER : 00000nam 2200000uu 4500
001    13399114671
003     ULIB
008    120427s2544||||th 000 0 tha d
020    ^a9748222527
060 04 ^aWB50.1^bก495 2544
245 00 ^aการแพทย์พื้นบ้านกับการดูแลสุขภาพ/^c กรรณิการ์ พรมเสาร์, สรรสิริ
246 31 ^aTraditional medicine and health care coverage
250    ^aพิมพ์ครั้งที่ 2
260    ^a[กรุงเทพฯ] :^bสถาบันการแพทย์แผนไทย,^c2544
300    ^a531 หน้า ;^c22 ซม.
500    ^aSend to Single Search
650  2 ^aDelivery of Health Care
650  2 ^aMedicine, Oriental Traditional
650  2 ^aDelivery of Health Care
650  2 ^aMedicine, Oriental Traditional
650  4 ^aกั650 4 สาธารณสุขมูลฐาน
700 0  ^aกรรณิกา พรมเสาร์,^eผู้แปล
700 0  ^aสรรสิริ พรมเสาร์,^eผู้แปล
700 1  ^aBannerman, Robert H.^q(Robert Henry),^eed.
700 1  ^aBurton, John,^d1945-,^eed.
945    ^p500^l0^i13953
995    ^aกัณชพร
999 ^a ใช้งานได้ทุกระบบ
รายการนี้ยังไม่มีแท็ก
คุณยังไม่ได้ล็อกอิน คุณสามารถมีกิจกรรมร่วมกับเว็บไซต์ได้ แต่ต้องล็อกอินก่อน ::
  ล็อกอิน

รายการสื่อสารสนเทศ

ลำดับที่ ประเภท เลขเรียก/บาร์โค้ด สถานที่ สถานะ
- ไม่พบข้อมูล -

รายการใกล้เคียง
    หัวเรื่อง [Delivery of Health Care]
    หัวเรื่อง [Delivery of Health Care]

BibComment


ยังไม่เคยถูกคอมเมนท์

คอมเมนท์ทรัพยากรรายการนี้
  คอมเมนท์: การแพทย์พื้นบ้าน..


 Copyright 2026. Bcnsprnw @Library